Institutional logics on the constitutive dimensions of the modern nation-state polities

Saved in:
Bibliographic Details
Main Author: Jepperson, Ronald L.
Format: Book
Language:English
Published: San Domenico (FI) European University Institute 2000
Series:EUI Working paper RSC No. 2000/36
Subjects:
Tags: Add Tag
No Tags, Be the first to tag this record!

MARC

LEADER 00000nam a2200000 4500
001 c132123
005 20221123132926.2
041 0 |a eng 
044 |a IT 
245 1 0 |a Institutional logics  |b on the constitutive dimensions of the modern nation-state polities  |c Ronald L. Jepperson 
264 1 |a San Domenico (FI)  |b European University Institute  |c 2000 
300 |a 61 s. 
490 1 |a EUI Working paper RSC  |v No. 2000/36 
830 0 |a EUI Working paper RSC  |v No. 2000/36 
610 2 0 |a politika 
610 2 0 |a kultúra 
610 2 0 |a modely 
610 2 0 |a štát 
610 2 0 |a systémy politické 
610 2 0 |a vývoj 
610 2 0 |a Európa 
100 1 |a Jepperson, Ronald L.